000 00526nam a2200193Ia 4500
001 23789
003 GE_BSU
008 181216s||||||||xx |||||||||||||| ||und||
040 _cGE_BSU
245 _aАгрохимия №9 сентябрь.2018
245 _cГл. ред. В.Н. Кудеяров
260 _aмосква
260 _c2018г
300 _a96с;28см;
653 _aАгрохимия №9 сентябрь. 2018
653 _aПериодика
653 _aპერიოდიკა
942 _cCR
999 _c56667
_d56667